Los elegidos de las naciones /

Uloženo v:
Podrobná bibliografie
Hlavní autor: Ogge, Emilio (autor)
Další autoři: Costantini, Celso (carta) (carta)
Médium: Kniha
Jazyk:španělština
Vydáno: México : Jus, 1962, c1962
Témata:
Tagy: Přidat tag
Žádné tagy, Buďte první, kdo vytvoří štítek k tomuto záznamu!

MARC

LEADER 00000nam^a2200000^a^4500
001 000561451
005 20250624000000.0
009 20260310131924.502
037 |a Acervo ITESO - Biblioteca 
041 |a ESP 
082 |a 266. 023  |b OGG 
100 |a Ogge, Emilio  |e (autor) 
245 1 4 |a Los elegidos de las naciones /  |c E. Ogge ; carta de C. Costantini ; tr. por J.J. Navarro. 
264 4 |a México :  |b Jus,  |c 1962, c1962 
300 |a 236 p. 
336 |a texto  |b txt  |2 rdacontenido 
337 |a sin mediación  |b n  |2 rdamedio 
338 |a volumen  |b nc  |2 rdasoporte 
500 |a Traducción de: Gli Eletti delle Genti 
649 |a XX 
650 |a Iglesia Católica -  |x Historia 
650 |a Misiones -  |x Historia -  |x Tema Principal 
650 |a Evangelización -  |x Historia 
650 |a Teología Pastoral 
650 |a Catolicismo 
650 |a Cristianismo 
650 |a Religión 
700 |a Costantini, Celso  |e (carta) 
910 |a Fondo General 
920 |a Impresos - Libros 
930 |a Colección General 
905 |a 101 
901 |a 0500399841  |b IT1  |c ACC  |d DT  |i D77975  |u 20250624 
902 |a https://opac.biblio.iteso.mx/vufind/Record/000561451